00253nam a2200097Ia 4500008004100000100003200041245001500073260003700088300000800125650002200133190216s9999||||xx |||||||||||||| ||und|| aChangampuzha Krishan Pillai 0aAkasaganga bThe Mangalodayam (pvt) Ltdc1965 a40p aMalayalam Kavitha